| 000 | 00677nam a2200205Ii 4500 | ||
|---|---|---|---|
| 003 | JO-AjNU | ||
| 008 | 230605s9999||||xx |||||||||||||| ||und|| | ||
| 040 |
_aJO-AjNU _bara _erda _cJO-AjNU |
||
| 041 | _aara | ||
| 050 | 1 | 4 | _aBP135 2003 |
| 100 | 3 |
_aعناية النص والشرح مدغمش، جمال عبد الغني, _eauthor _956553 |
|
| 245 | 0 | 0 | _aالأحاديث القدسية |
| 250 | _aط1 | ||
| 264 | 3 | 1 | _aعمان: دار الاسراء للنشر والتوزيع، 2003 |
| 300 | _a258ص | ||
| 336 |
_atext _btxt _2rdacontent |
||
| 337 |
_aunmediated _bn _2rdamedia |
||
| 338 |
_avolume _bnc _2rdacarrier |
||
| 650 | 4 |
_aالاحاديث القدسية _956554 |
|
| 999 |
_aA25289 _c28857 _d28857 |
||